| 000 | 00431nam a22001697a 4500 | ||
|---|---|---|---|
| 003 | SGT | ||
| 020 | _a9788194864554 | ||
| 082 |
_a618.92 _bC21E |
||
| 100 | _aEICHENWALD, ERIC C. | ||
| 245 | _aCLOHERTH& STARK'S MANUAL OF NEONATAL CARE | ||
| 250 | _a1ST S.A. | ||
| 260 |
_aINDA _bWOLTERS KLUWER PUB _c2021 |
||
| 300 | _a1112 | ||
| 650 | _aPEDIATRICS | ||
| 653 | _aCLOHERTH& STARK'S MANUAL OF NEONATAL CARE | ||
| 942 |
_2ddc _cBK _01 |
||
| 999 |
_c23229 _d23229 |
||